British documents on Ottoman Armanians= İngiliz belgelerinde Osmanlı Ermenileri/ (Record no. 7054)
| 000 -BAŞLIK | |
|---|---|
| Sabit Uzunluktaki Kontrol Alanı | 01594nam a22004217a 4500 |
| 001 - KONTROL NUMARASI | |
| Control Dosyası | 0007073 |
| 003 - KONTROL NUMARASI KİMLİĞİ | |
| Kontrol Alanı | KOHA_MİRAKIL |
| 005 - EN SON İŞLEM TARİHİ ve ZAMANI | |
| Kontrol Alanı | 20260207001544.0 |
| 007 - FİZİKSEL TANIM SABİT ALAN - GENEL BİLGİ | |
| Sabit uzunluklu kontrol alanı | ta |
| 008 - SABİT UZUNLUKTAKİ VERİ ÖGELERİ - GENEL BİLGİ | |
| Sabit Alan | 090901b1990 tu |||gr||||#0|||0|tur | |
| 020 ## - ISBN - ULUSLARARASI STANDART KİTAP NUMARASI | |
| Isbn | 9751600901 |
| Nitelik bilgileri | (tk) 9751600936 |
| -- | c.4 |
| Kullanılabilirlik koşulları | 0,01 |
| 040 ## - KATALOGLAMA KAYNAĞI | |
| Özgün Kataloglama Kurumu | TR-BiSEU |
| Kataloglama Dili | tur |
| Çeviri Kurumu | TR-BiSEU |
| Açıklama Kuralları | rda |
| 041 0# - DİL KODU | |
| Metin ya da ses kaydının dil kodu | tur |
| 044 ## - YAYINLAYAN/ÜRETEN KURULUŞUN ÜLKE KODU | |
| ISO country code | tu |
| 050 ## - SINIFLAMA ve YER NUMARASI | |
| Sınıflama Numarası | DR435.A76 |
| Yer Numarası | B74 1990 |
| 245 0# - ESER ADI BİLDİRİMİ | |
| Başlık | British documents on Ottoman Armanians= İngiliz belgelerinde Osmanlı Ermenileri/ |
| Sorumluluk Bildirimi | editör Bilal N. Şimşir. |
| 264 #1 - ÜRERİM, YAYIN, DAĞITIM ve TELİF BİLDİRİMİ | |
| Yayın yeri | Ankara : |
| Yayınlayan | Atatürk Kültür, Dil ve Tarih Yüksek Kurumu Türk Tarih Kurumu |
| Yayın tarihi | 1990 |
| 300 ## - FİZİKSEL TANIMLAMA | |
| Sayfa, Cilt vb. | 4 c. |
| 336 ## - İÇERİK TÜRÜ | |
| Content type term | metin |
| Content type code | txt |
| Source | rdacontent |
| 337 ## - MEDYA TÜRÜ | |
| Media type term | aracısız |
| Media type code | n |
| Source | rdamedia |
| 338 ## - TAŞIYICI TÜRÜ | |
| Carrier type term | cilt |
| Carrier type code | nc |
| Source | rdacarrier |
| 490 0# - DİZİ BİLDİRİMİ | |
| Dizi Bildirimi | Atatürk Kültür, Dil ve Tarih Yüksek Kurumu Türk Tarih Kurumu Türk Tarih Kurumu yayınları VII. |
| 490 0# - DİZİ BİLDİRİMİ | |
| Dizi Bildirimi | Dizi-Sa 78B |
| 500 ## - GENEL NOT | |
| Genel Not | c.1 1856-1880. |
| 500 ## - GENEL NOT | |
| Genel Not | c.2 1880-1890. |
| 500 ## - GENEL NOT | |
| Genel Not | c.3 1891-1895. |
| 500 ## - GENEL NOT | |
| Genel Not | c.4 1895 |
| 650 #0 - KONU BAŞLIĞI EK GİRİŞ - KONU TERİMİ | |
| Konusal terim veya coğrafi ad | Armenians--Turkey--History--Sources. |
| 9 (RLIN) | 16670 |
| 650 #0 - KONU BAŞLIĞI EK GİRİŞ - KONU TERİMİ | |
| Konusal terim veya coğrafi ad | Great Britain--Foreign Relations--Turkey--Sources. |
| 9 (RLIN) | 17457 |
| 650 #0 - KONU BAŞLIĞI EK GİRİŞ - KONU TERİMİ | |
| Konusal terim veya coğrafi ad | Turkey--Foreign Relations--Great Britain--Sources. |
| 9 (RLIN) | 17458 |
| 650 #0 - KONU BAŞLIĞI EK GİRİŞ - KONU TERİMİ | |
| Konusal terim veya coğrafi ad | Turkey--Ethnic Relations--History--Sources. |
| 9 (RLIN) | 17459 |
| 650 #0 - KONU BAŞLIĞI EK GİRİŞ - KONU TERİMİ | |
| Konusal terim veya coğrafi ad | Armenia--History 1801-1900--Sources. |
| 9 (RLIN) | 17460 |
| 650 #0 - KONU BAŞLIĞI EK GİRİŞ - KONU TERİMİ | |
| Konusal terim veya coğrafi ad | Armenia--History 1901--Sources. |
| 9 (RLIN) | 17461 |
| 830 0# - SERİ EK GİRİŞİ - TEKBİÇİM ESER ADI | |
| Tekbiçim Başlık | Atatürk Kültür, Dil ve Tarih Yüksek Kurumu Türk Tarih Kurumu Türk Tarih Kurumu yayınları VII. |
| 9 (RLIN) | 17462 |
| 830 0# - SERİ EK GİRİŞİ - TEKBİÇİM ESER ADI | |
| Tekbiçim Başlık | Dizi-Sa 78B |
| 9 (RLIN) | 17463 |
| 907 ## - LOCAL DATA ELEMENT G, LDG (RLIN) | |
| a | Tarih |
| 942 ## - EK GİRİŞ ÖGELERİ (KOHA) | |
| Source of classification or shelving scheme | Library of Congress Classification |
| Koha item type | Book |
| Materyal Türü | Kalıcı Konum | Mevcut Konum | Raf Yeri | Sınıflandırma Kaynağı | Edinim Bilgisi | Ana Konular | Alt Konular | Yer Numarası | Cilt Bilgisi | Demirbaş Numarası | Fatura Tarihi | Geri Çekilme Durumu | Kayıp Durumu | Hasarlı Durumu | Kredi için değil | Kayıt Tarih | Toplam Ödünçverme | Son Görülme Tarihi | Son Kontrol Tarihi | Genel / Bağış Notu |
|---|---|---|---|---|---|---|---|---|---|---|---|---|---|---|---|---|---|---|---|---|
| Book | Prof. Dr. Azmi Özcan Kütüphanesi | Prof. Dr. Azmi Özcan Kütüphanesi | Uluğbey Salonu | Library of Congress Classification | Bağış | DÜNYA TARİHİ (AVRUPA, ASYA, AFRİKA VB.) | Balkan Yarımadası | DR435.A76 B74 1990 | c.4 | 0007073 | 13/08/2010 | 01/09/2009 | 05/12/2024 | 05/12/2024 | YÖK Tez Merkezi |
